000 00594nam a2200217Ia 4500
005 20250923144644.0
008 008 250917s9999 xx 000 0 eng d
037 _aTextual
040 _aDSWL
_beng
_cDSWL
041 _aeng
_2eng
084 _qDSWL
100 _aDasgupta, Surendranath
_9827054
245 2 _aA History of Indian philosophy
_cby Surendranath Dasgupta
260 _aCambridge
_bCambridge University Press
_c1952
300 _axiii,614p.
365 _aINR
_b50.40
490 _vVol. III
925 _g50.40
942 _cTEXL
999 _c1441683
_d1441683